[Event "C.to Regionale Lombardia"]
[Site "Solaro ITA"]
[Date "2010.05.30"]
[Round "5"]
[White "Iori, Edmondo"]
[Black "Mansueti, Marco"]
[Result "0-1"]
[WhiteElo "1520"]
[BlackElo "1866"]
[PlyCount "94"]
[EventDate "2010.05.28"]

1. e4 e5 2. Nf3 Nc6 3. Bc4 Nf6 4. d3 Bc5 5. O-O d6 6. h3 O-O 7. Bg5 h6 8. Bh4
Be6 9. Bxe6 fxe6 10. c4 Qe8 11. Nc3 a6 12. a3 Nd4 13. Rc1 Qh5 14. Nxd4 Bxd4 15.
Bg3 Qg6 16. Kh2 Nh5 17. Rc2 Nxg3 18. fxg3 Rxf1 19. Qxf1 Rf8 20. Qe1 Rf6 21. Nd1
Qf7 22. Ne3 h5 23. b4 b6 24. Qe2 c5 25. bxc5 bxc5 26. Ra2 Qb7 27. Nd1 Qb1 28.
Rd2 g6 29. a4 Kg7 30. h4 Qb3 31. Ra2 Rf1 32. Rd2 Bg1+ 33. Kh3 Be3 34. Qxf1 Bxd2
35. Qe2 Bh6 36. g4 hxg4+ 37. Kxg4 Qxa4 38. Nf2 Qd7 39. Nh3 a5 40. Ng5 Bxg5 41.
Kxg5 Qd8+ 42. Kg4 d5 43. exd5 Qf6 44. d6 Kf7 45. Kh3 a4 46. g4 a3 47. Qe4 Qf1+
0-1

[Event "C.to Regionale Lombardia"]
[Site "Solaro ITA"]
[Date "2010.05.30"]
[Round "5"]
[White "Marchesotti, Giovanni"]
[Black "Pandini, Giuseppe"]
[Result "0-1"]
[WhiteElo "1591"]
[BlackElo "1718"]
[PlyCount "42"]
[EventDate "2010.05.28"]

1. g3 g6 2. Bg2 Bg7 3. c4 Nf6 4. Nc3 Nc6 5. Nf3 O-O 6. O-O Re8 7. d4 e6 8. e4
d6 9. Rb1 Ne7 10. Qe2 Nd7 11. Be3 Rb8 12. Rfd1 b6 13. Qd2 Bb7 14. b3 f5 15. d5
e5 16. Bg5 Nf6 17. exf5 Nxf5 18. Ne4 Nxe4 19. Bxd8 Nxd2 20. Bxc7 Nxf3+ 21. Bxf3
Rbc8 0-1

[Event "C.to Regionale Lombardia"]
[Site "Solaro ITA"]
[Date "2010.05.30"]
[Round "5"]
[White "Margstahler, Francesco"]
[Black "D'Alessio, Angelo"]
[Result "0-1"]
[WhiteElo "1799"]
[BlackElo "2037"]
[PlyCount "60"]
[EventDate "2010.05.28"]

1. e4 e6 2. d4 d5 3. Nd2 Nf6 4. e5 Nfd7 5. Bd3 c5 6. c3 Nc6 7. Ne2 cxd4 8. cxd4
f6 9. exf6 Nxf6 10. O-O Bd6 11. Nf3 Qc7 12. Bg5 O-O 13. Bh4 Nh5 14. Qc2 h6 15.
Bg6 Nf4 16. Nxf4 Bxf4 17. Bg3 Bd7 18. Ne5 Be8 19. Bxf4 Rxf4 20. Bh7+ Kh8 21.
Bg6 Rxd4 22. Bxe8 Qxe5 23. Bxc6 Rc4 24. Rae1 Qd6 25. Qg6 Rxc6 26. Re2 Rf8 27.
Rfe1 Rf6 28. Qe8+ Kh7 29. f3 d4 30. Rxe6 Rxe6 0-1

[Event "C.to Regionale Lombardia"]
[Site "Solaro ITA"]
[Date "2010.05.30"]
[Round "5"]
[White "Molinelli, Luigi"]
[Black "Carbone, Lorenzo"]
[Result "0-1"]
[WhiteElo "1092"]
[BlackElo "1683"]
[PlyCount "50"]
[EventDate "2010.05.28"]

1. d4 d5 2. c4 e6 3. Nc3 Nf6 4. Qc2 Be7 5. e3 O-O 6. Bd3 b6 7. Nge2 Bb7 8. O-O
c5 9. b3 Nc6 10. a3 Qc7 11. f4 a6 12. Bb2 Rad8 13. Rae1 dxc4 14. bxc4 cxd4 15.
Ne4 Nxe4 16. Bxe4 f5 17. Bd3 dxe3 18. Qc3 Bf6 19. Qc1 Bxb2 20. Qxb2 Rxd3 21.
Rc1 Rd2 22. Rc2 Rfd8 23. Rxd2 Rxd2 24. Qa1 Rxe2 25. Rf3 Ne7 0-1

[Event "C.to Regionale Lombardia"]
[Site "Solaro ITA"]
[Date "2010.05.30"]
[Round "5"]
[White "Monticelli, Francesco"]
[Black "Regorda, Vittorio"]
[Result "0-1"]
[WhiteElo "1657"]
[BlackElo "1860"]
[PlyCount "138"]
[EventDate "2010.05.28"]

1. e4 e5 2. Nf3 d6 3. Nc3 Nf6 4. h3 Be7 5. Be2 O-O 6. d3 c5 7. Be3 Nc6 8. Qd2
Rb8 9. a3 a5 10. O-O b5 11. a4 b4 12. Nb5 Nd4 13. Nbxd4 cxd4 14. Bg5 Nd7 15. b3
f6 16. Bh4 Nc5 17. Ne1 g5 18. Bg3 Qe8 19. Bf3 Kg7 20. Qe2 Be6 21. Bg4 Qd7 22.
Bxe6 Qxe6 23. Nf3 Rf7 24. h4 h6 25. Nh2 Kg6 26. h5+ Kg7 27. f3 Bd8 28. Rf2 Qe8
29. Nf1 Ne6 30. Bh2 Nf4 31. Bxf4 exf4 32. g3 Rc7 33. g4 Rbc8 34. Rc1 Qe5 35.
Qd1 d5 36. Re2 Re7 37. Kf2 Rcc7 38. Nd2 Qd6 39. Qe1 Re8 40. Kf1 Rce7 41. Kf2
Bb6 42. Kf1 Bc7 43. Qf2 Qc5 44. Qe1 Qc3 45. Kf2 Kf7 46. Kf1 Qc6 47. Kf2 Qd6 48.
Kf1 Re5 49. Kf2 R8e7 50. Kf1 Qd7 51. Kf2 Kg7 52. Kf1 Qe8 53. Kf2 Qf7 54. Kf1
dxe4 55. dxe4 Rc5 56. Nc4 Be5 57. Nxe5 fxe5 58. Qd2 Rec7 59. Kf2 Qd7 60. Qd1
Qc6 61. Rd2 Rc3 62. Ke2 Re3+ 63. Kf2 Qc3 64. Kg2 Rxf3 65. Rf2 Rg3+ 66. Kf1 Rh3
67. Rg2 Rh1+ 68. Rg1 Qh3+ 69. Kf2 Rh2+ 0-1

[Event "C.to Regionale Lombardia"]
[Site "Solaro ITA"]
[Date "2010.05.30"]
[Round "5"]
[White "Occhipinti, Massimo"]
[Black "Binda, Federico"]
[Result "1-0"]
[WhiteElo "1993"]
[BlackElo "1506"]
[PlyCount "45"]
[EventDate "2010.05.28"]

1. e4 c6 2. d4 d5 3. e5 Bf5 4. Bd3 Bxd3 5. Qxd3 e6 6. f4 c5 7. c3 cxd4 8. cxd4
Nc6 9. Ne2 Bb4+ 10. Nbc3 Nge7 11. a3 Ba5 12. O-O O-O 13. Ng3 Nxd4 14. Kh1 Nef5
15. Nxf5 Nxf5 16. g4 Ne7 17. f5 d4 18. Ne4 Qd5 19. f6 Ng6 20. Bf4 Nxf4 21. Rxf4
g5 22. Rf3 Rfc8 23. Nxg5 1-0

[Event "C.to Regionale Lombardia"]
[Site "Solaro ITA"]
[Date "2010.05.30"]
[Round "5"]
[White "Ottolini, Graziano"]
[Black "Necchi, Flavio"]
[Result "1-0"]
[WhiteElo "2076"]
[BlackElo "1789"]
[PlyCount "69"]
[EventDate "2010.05.28"]

1. Nf3 Nf6 2. d4 e6 3. c4 d5 4. Nc3 Be7 5. Bg5 O-O 6. e3 Nbd7 7. Bd3 c6 8. Rc1
Nh5 9. Bxe7 Qxe7 10. cxd5 exd5 11. O-O g6 12. e4 dxe4 13. Nxe4 Ndf6 14. Re1 Be6
15. Nc5 Ng7 16. Ng5 Rad8 17. Ngxe6 Nxe6 18. Bc4 Rd6 19. Qb3 Re8 20. Bxe6 fxe6
21. Rcd1 Ng4 22. h3 Nf6 23. Qxb7 Qxb7 24. Nxb7 Rd5 25. Nc5 e5 26. dxe5 Rexe5
27. Rxe5 Rxd1+ 28. Kh2 Rd5 29. Rxd5 cxd5 30. Kg3 Kf7 31. Kf4 Ke7 32. Ke5 Nh5
33. Nd3 Nf6 34. Nb4 Ne4 35. Nxd5+ 1-0

[Event "C.to Regionale Lombardia"]
[Site "Solaro ITA"]
[Date "2010.05.30"]
[Round "5"]
[White "Pepa, Syrja"]
[Black "Schingaro, Angelo"]
[Result "1/2-1/2"]
[WhiteElo "1820"]
[BlackElo "1714"]
[PlyCount "93"]
[EventDate "2010.05.28"]

1. d4 d5 2. c4 c6 3. e3 Nf6 4. Nc3 e6 5. Nf3 Nbd7 6. Be2 a6 7. O-O dxc4 8. Bxc4
b5 9. Bd3 Bb7 10. e4 c5 11. e5 cxd4 12. Nxb5 Bxf3 13. Qxf3 axb5 14. exf6 Rb8
15. Bf4 e5 16. Rfe1 gxf6 17. Qd5 Be7 18. Bh6 Qb6 19. Bf5 Qb7 20. Bxd7+ Qxd7 21.
Rxe5 Qxd5 22. Rxd5 Rg8 23. Rxd4 Rg6 24. Bf4 Rc8 25. Re1 Kf8 26. Bd6 Bxd6 27.
Rxd6 Rc2 28. Rb1 Kg7 29. Rd3 Rg5 30. h4 Re5 31. Rg3+ Kf8 32. Rb3 Ree2 33. Rf3
Rxb2 34. Rxb2 Rxb2 35. Rb3 Rxa2 36. Rxb5 Kg7 37. Rf5 Re2 38. Kh2 Re5 39. Rf4
Kg6 40. g4 h5 41. Kg3 hxg4 42. Rxg4+ Kh6 43. f3 Rc5 44. Kf4 Kh5 45. Rg7 Rc4+
46. Kg3 Rc7 47. f4 1/2-1/2

[Event "C.to Regionale Lombardia"]
[Site "Solaro ITA"]
[Date "2010.05.30"]
[Round "5"]
[White "Quagliarella, Sabino Remo"]
[Black "Valenti, Giuseppe"]
[Result "0-1"]
[WhiteElo "1916"]
[BlackElo "2128"]
[PlyCount "126"]
[EventDate "2010.05.28"]

1. d4 Nf6 2. Nf3 e6 3. Bf4 d6 4. e3 g6 5. Bd3 Bg7 6. O-O Nbd7 7. h3 Qe7 8. e4
e5 9. dxe5 dxe5 10. Be3 O-O 11. Nc3 c6 12. Qd2 Re8 13. Rad1 b5 14. a3 a5 15.
Rfe1 Nc5 16. Bh6 Bh8 17. Qe3 Ba6 18. Bf1 b4 19. Bxa6 bxc3 20. Bc4 cxb2 21. Ng5
Ne6 22. Nxe6 fxe6 23. Qc3 Rab8 24. Bb3 a4 25. Ba2 Rb6 26. Qa5 Rb5 27. Qxa4 Bg7
28. Bxg7 Kxg7 29. Bb3 Nd7 30. Qa7 Nc5 31. Qxe7+ Rxe7 32. a4 Rbb7 33. Rb1 Nxb3
34. cxb3 Rxb3 35. Re2 Ra7 36. Rexb2 Rxb2 37. Rxb2 Rxa4 38. f3 Rc4 39. Kf2 Kf6
40. Ke3 Kg5 41. Kd3 Rc1 42. Kd2 Rg1 43. Ke3 Kh4 44. Rc2 Kg3 45. Rxc6 Kxg2 46.
Rxe6 Rf1 47. Rxe5 Rxf3+ 48. Kd4 Kxh3 49. Rg5 Kh4 50. Rg1 g5 51. e5 h5 52. e6
Rf8 53. Ke5 g4 54. Rh1+ Kg5 55. e7 Re8 56. Ke6 g3 57. Ra1 h4 58. Kf7 Rxe7+ 59.
Kxe7 g2 60. Ra8 h3 61. Rh8 Kg4 62. Ke6 Kg3 63. Ke5 g1=Q 0-1

[Event "C.to Regionale Lombardia"]
[Site "Solaro ITA"]
[Date "2010.05.30"]
[Round "5"]
[White "Regorda, Massimiliano"]
[Black "Guerini, Silvia jr"]
[Result "1-0"]
[WhiteElo "1911"]
[BlackElo "1617"]
[PlyCount "55"]
[EventDate "2010.05.28"]

1. e4 e5 2. Nf3 Nc6 3. d4 exd4 4. Bc4 Nf6 5. e5 Ne4 6. O-O Be7 7. Re1 Nc5 8.
Nxd4 O-O 9. Nf5 d6 10. Nxe7+ Qxe7 11. exd6 Qxd6 12. Qxd6 cxd6 13. Bf4 Nd4 14.
Na3 Be6 15. Bxd6 Rfc8 16. c3 Bxc4 17. cxd4 Nd3 18. Re7 Nxb2 19. Rxb7 Na4 20.
Rb4 Nb6 21. Nxc4 Nxc4 22. Bc5 Nd2 23. f3 a5 24. Ra4 Rcb8 25. Re1 Rb2 26. Rxa5
Rab8 27. Ra7 R2b7 28. Rxb7 1-0

[Event "C.to Regionale Lombardia"]
[Site "Solaro ITA"]
[Date "2010.05.30"]
[Round "5"]
[White "Revinelli, Sergio"]
[Black "D'Aulisa, Francesco"]
[Result "0-1"]
[WhiteElo "1836"]
[BlackElo "1741"]
[PlyCount "106"]
[EventDate "2010.05.28"]

1. e4 d6 2. d4 e6 3. Nf3 h6 4. Be2 a6 5. a4 b6 6. O-O Nd7 7. c4 Ne7 8. Nc3 Bb7
9. h3 g5 10. Nh2 e5 11. Bh5 Nf6 12. d5 Nxh5 13. Qxh5 Ng6 14. Ne2 Nf4 15. Nxf4
gxf4 16. h4 Rg8 17. Ng4 Rg6 18. Kh1 Bc8 19. Nh2 Bd7 20. g3 Bh3 21. Rg1 fxg3 22.
fxg3 Qf6 23. Be3 Bd7 24. Raf1 Qg7 25. b3 O-O-O 26. Qf3 f6 27. h5 Bg4 28. Nxg4
Rxg4 29. Rg2 Be7 30. Bd2 Rg8 31. Kh2 Kd8 32. Re1 f5 33. exf5 Qf7 34. Rh1 e4 35.
Qf2 Bg5 36. Kg1 Bxd2 37. Qxd2 R8g5 38. Rh3 Qxf5 39. Qf2 Ke7 40. Qxf5 Rxf5 41.
Rf2 Kf6 42. Kg2 Ke5 43. Rxf5+ Kxf5 44. Rh1 Ke5 45. Rf1 Rg7 46. Rf8 Kd4 47. Kf2
Kd3 48. Re8 Rg5 49. g4 Rxg4 50. Re6 Rg5 51. Rxh6 e3+ 52. Kf1 e2+ 53. Kf2 Rf5+
0-1

[Event "C.to Regionale Lombardia"]
[Site "Solaro ITA"]
[Date "2010.05.30"]
[Round "5"]
[White "Rossi, Giampiero"]
[Black "Pelizzola, Danilo"]
[Result "0-1"]
[WhiteElo "1890"]
[BlackElo "2112"]
[PlyCount "140"]
[EventDate "2010.05.28"]

1. d4 Nf6 2. c4 e6 3. Nc3 Bb4 4. Qc2 c5 5. dxc5 Bxc5 6. Nf3 Nc6 7. e3 O-O 8.
Be2 d5 9. cxd5 Nb4 10. Qb1 Nbxd5 11. Bd2 b6 12. O-O Bb7 13. Rd1 Qe7 14. a3 Rfd8
15. b4 Nxc3 16. Bxc3 Rxd1+ 17. Qxd1 Bd6 18. Rc1 Rd8 19. Qc2 h6 20. Qb2 Rc8 21.
Be5 Rxc1+ 22. Qxc1 Ng4 23. Bxd6 Qxd6 24. h3 Bxf3 25. Qc8+ Qf8 26. Qxf8+ Kxf8
27. Bxf3 Ne5 28. Be2 Ke7 29. f4 Nc6 30. Kf2 Kd6 31. Bc4 a5 32. bxa5 Nxa5 33.
Ba2 f6 34. Ke2 Nb7 35. Kd3 Nc5+ 36. Kc4 Kc6 37. Bb1 e5 38. fxe5 fxe5 39. Bg6
b5+ 40. Kb4 Kb6 41. g3 Ne6 42. h4 Nc7 43. Bf7 Na6+ 44. Kc3 Nc5 45. Bg6 Ka5 46.
Bc2 Nb7 47. Kd2 Kb6 48. Kc3 Kc5 49. Bd3 Nd6 50. e4 g6 51. Bc2 Nc4 52. a4 b4+
53. Kd3 Na5 54. Bd1 Nb7 55. Bc2 Nd6 56. Bb3 Nb7 57. Bc2 Na5 58. Bd1 Nc4 59. Bb3
Na3 60. Bf7 g5 61. hxg5 hxg5 62. Ba2 Kb6 63. Bb3 Ka5 64. Bd1 Nb1 65. Kc4 Nc3
66. Bc2 g4 67. Kc5 Ne2 68. Kd5 Nxg3 69. Bd1 Ne2 70. Bxe2 g3 0-1

[Event "C.to Regionale Lombardia"]
[Site "Solaro ITA"]
[Date "2010.05.30"]
[Round "5"]
[White "Rota, Simone"]
[Black "Aranovitch, Emiliano"]
[Result "0-1"]
[WhiteElo "2019"]
[BlackElo "2355"]
[PlyCount "94"]
[EventDate "2010.05.28"]

1. d4 Nf6 2. Nf3 g6 3. c4 c5 4. d5 e6 5. Nc3 exd5 6. cxd5 Bg7 7. e4 O-O 8. Bd3
d6 9. O-O a6 10. a4 Bg4 11. h3 Bxf3 12. Qxf3 Nbd7 13. Bf4 Ne8 14. Qe3 Rb8 15.
Bh6 Nc7 16. Bxg7 Kxg7 17. Rfb1 Qh4 18. b4 Rfe8 19. bxc5 Nxc5 20. Qd4+ Qf6 21.
Qxf6+ Kxf6 22. Bc2 b5 23. axb5 Nxb5 24. Nxb5 Rxb5 25. Re1 Rb2 26. Re2 Nb3 27.
Ra4 Nc5 28. Ra1 Rc8 29. Kf1 Ke5 30. f3 g5 31. Ke1 h5 32. Ra3 h4 33. Rd2 Ra8 34.
Kd1 a5 35. Kc1 Rb4 36. Bd1 Rc4+ 37. Kb2 Rd4 38. Rxd4 Kxd4 39. Be2 Rb8+ 40. Ka2
a4 41. Bd1 Rb4 42. Bc2 Ke5 43. Re3 Kf4 44. Re2 f6 45. Ka3 Rb8 46. Ka2 Kg3 47.
Bb1 Kh2 0-1

[Event "C.to Regionale Lombardia"]
[Site "Solaro ITA"]
[Date "2010.05.30"]
[Round "5"]
[White "Squillante, Michele"]
[Black "Gonella, Daniele"]
[Result "0-1"]
[WhiteElo "1725"]
[BlackElo "1937"]
[PlyCount "86"]
[EventDate "2010.05.28"]

1. d4 d5 2. Nf3 c6 3. Bg5 Nf6 4. Nbd2 Nbd7 5. e3 h6 6. Bh4 e6 7. Bd3 Bd6 8. e4
dxe4 9. Bxf6 Nxf6 10. Nxe4 Nxe4 11. Bxe4 O-O 12. O-O Bd7 13. Ne5 Bxe5 14. dxe5
Qc7 15. c3 Rad8 16. Re1 c5 17. Qc2 Bc6 18. Rad1 Bxe4 19. Qxe4 Rxd1 20. Rxd1 Rd8
21. Rxd8+ Qxd8 22. Qe2 Qd5 23. c4 Qd4 24. g3 a6 25. b3 b5 26. cxb5 axb5 27.
Qxb5 Qa1+ 28. Kg2 Qxa2 29. Qxc5 Qxb3 30. Qc7 Qd3 31. f4 h5 32. Qe7 Qg6 33. Kg1
Qf5 34. Kg2 Kh7 35. Kg1 Kg6 36. Qd8 Kh7 37. Kg2 g5 38. Qd2 h4 39. Qf2 h3+ 40.
Kg1 Kg6 41. Qf1 gxf4 42. gxf4 Qg4+ 43. Kh1 Kf5 0-1

[Event "C.to Regionale Lombardia"]
[Site "Solaro ITA"]
[Date "2010.05.30"]
[Round "5"]
[White "Torretta, Gilberto"]
[Black "Rettore, Ludwig"]
[Result "0-1"]
[WhiteElo "1701"]
[BlackElo "2169"]
[PlyCount "48"]
[EventDate "2010.05.28"]

1. e4 c5 2. Nc3 Nc6 3. Nge2 g6 4. d4 cxd4 5. Nxd4 Bg7 6. Be3 d6 7. Be2 Nf6 8.
f3 Bd7 9. Qd2 O-O 10. O-O-O Qa5 11. Kb1 Rfc8 12. Nb3 Qd8 13. h4 a5 14. Nd5 Nxd5
15. Qxd5 Nb4 16. Qg5 Rxc2 17. Rd2 a4 18. Nd4 h6 19. Qg3 Bxd4 20. Rxd4 Rxe2 21.
Bxh6 Qb6 22. Rd2 Bb5 23. h5 Rxd2 24. Bxd2 Bd3+ 0-1

[Event "C.to Regionale Lombardia"]
[Site "Solaro ITA"]
[Date "2010.05.30"]
[Round "5"]
[White "Veronelli, Franco"]
[Black "Brioschi, Camillo"]
[Result "0-1"]
[WhiteElo "1733"]
[BlackElo "1866"]
[PlyCount "94"]
[EventDate "2010.05.28"]

1. e4 e5 2. Nf3 Nc6 3. d4 exd4 4. Bc4 Nf6 5. O-O d5 6. exd5 Nxd5 7. Nxd4 Be7 8.
Nxc6 bxc6 9. Nd2 O-O 10. Nf3 Bg4 11. h3 Bh5 12. Be2 Bf6 13. c3 Re8 14. Re1 Nxc3
15. Qxd8 Nxe2+ 16. Rxe2 Raxd8 17. Rxe8+ Rxe8 18. g4 Bg6 19. Bf4 Bxb2 20. Rd1 f5
21. g5 Bh5 22. Kg2 Bxf3+ 23. Kxf3 Re7 24. Rd8+ Kf7 25. Rc8 c5 26. Bxc7 c4 27.
Ba5 Re5 28. Bd2 Rd5 29. Ke2 c3 30. Bxc3 Bxc3 31. Rxc3 Ra5 32. a3 Ra4 33. Kf3
Kg6 34. Ke2 Kxg5 35. Kd2 Kf4 36. Kc2 g5 37. Kb3 Ra6 38. a4 Rb6+ 39. Kc2 Rb4 40.
Ra3 a5 41. Kd2 Re4 42. Kd1 h5 43. Kd2 h4 44. Kd1 g4 45. Kd2 g3 46. fxg3+ hxg3
47. h4 g2 0-1

[Event "XV Memorial Bertolini"]
[Site "Genova ITA"]
[Date "2010.06.18"]
[Round "1"]
[White "Caputi, Giuliano"]
[Black "D'Ambrosio, Francesco"]
[WhiteElo "1903"]
[BlackElo "1503"]
[Result "1-0"]
[PlyCount "45"]
[EventDate "2010.06.18"]

1. e4 c5 2. Nf3 Nc6 3. Bb5 a6 4. Bxc6 bxc6 5. O-O d6 6. c4 e5 7. Nc3 Be6 8. d3
Nf6 9. Ng5 Be7 10. Nxe6 fxe6 11. Be3 d5 12. Bc1 h6 13. f4 Qd6 14. h3 Kd7 15. g4
g6 16. Qf3 Raf8 17. Qg3 dxe4 18. fxe5 Qd4+ 19. Be3 Nh5 20. gxh5 Rxf1+ 21. Rxf1
Qxd3 22. Rd1 Qxd1+ 23. Nxd1 1-0

[Event "XV Memorial Bertolini"]
[Site "Genova ITA"]
[Date "2010.06.18"]
[Round "1"]
[White "Pedemonte, Claudio"]
[Black "Guarino, Vincenzo"]
[WhiteElo "1826"]
[BlackElo "1407"]
[Result "1-0"]
[PlyCount "73"]
[EventDate "2010.06.18"]

1. c4 c5 2. g3 Nf6 3. Bg2 e6 4. e4 d6 5. Nc3 Nc6 6. Nge2 Nd4 7. Nxd4 cxd4 8.
Ne2 d3 9. Nf4 Qc7 10. b3 Bd7 11. Nxd3 Be7 12. Ba3 Bc6 13. Qe2 b6 14. O-O e5 15.
f4 Nd7 16. Bb2 Nc5 17. Nxc5 bxc5 18. fxe5 dxe5 19. Qh5 O-O 20. Bxe5 Qa5 21. Qg4
f6 22. Qe6+ Rf7 23. Qxc6 Raf8 24. Bc3 Qd8 25. Rf2 f5 26. Raf1 f4 27. Rxf4 Rxf4
28. Rxf4 Rxf4 29. gxf4 Kf8 30. Qd5 Qc7 31. Qe5 Qxe5 32. Bxe5 Kf7 33. Bc3 g6 34.
Kf2 Bd8 35. d4 cxd4 36. Bxd4 Ba5 37. Bxa7 1-0

[Event "XV Memorial Bertolini"]
[Site "Genova ITA"]
[Date "2010.06.18"]
[Round "1"]
[White "Rodriguez Alvarez, Alan"]
[Black "Carbone, Lorenzo"]
[WhiteElo "2101"]
[BlackElo "1683"]
[Result "1/2-1/2"]
[PlyCount "139"]
[EventDate "2010.06.18"]

1. d4 d5 2. c4 e6 3. Nf3 Nf6 4. Nc3 Be7 5. Bf4 a6 6. e3 O-O 7. Rc1 b6 8. cxd5
exd5 9. Qb3 Bb7 10. Be2 Nbd7 11. O-O c5 12. Rfd1 c4 13. Qc2 b5 14. a3 Nh5 15.
Be5 f6 16. Bg3 Nxg3 17. hxg3 Qc7 18. Qf5 Qd6 19. Nh4 Rf7 20. Bf3 g6 21. Qh3 Nf8
22. g4 Ne6 23. Qh1 Ng5 24. Be2 Re8 25. g3 Ne4 26. Bf3 Nxg3 27. Qg2 Ne4 28. Nxe4
dxe4 29. Bxe4 Bxe4 30. Qxe4 f5 31. gxf5 gxf5 32. Nxf5 Qg6+ 33. Ng3 Qf6 34. Qg2
Rg7 35. Kf1 Bd6 36. Ke2 Bxg3 37. fxg3 Qg5 38. Rc3 Qxg3 39. Qxg3 Rxg3 40. Kf2
Rg6 41. Rf1 Rf8+ 42. Ke1 Re8 43. Ke2 Rg2+ 44. Rf2 Rg1 45. Rc2 h5 46. Rd2 h4 47.
d5 h3 48. d6 Rg3 49. Rf3 Rg2+ 50. Rf2 Rg3 51. d7 Rgxe3+ 52. Kd1 Rd8 53. Rf4 Rd3
54. Rxd3 cxd3 55. Rf3 Rxd7 56. Kd2 Rh7 57. Rf1 Rg7 58. Kxd3 Rg2 59. Ke3 h2 60.
Rh1 a5 61. b3 Kg7 62. a4 bxa4 63. bxa4 Ra2 64. Kd3 Rg2 65. Kc4 Rb2 66. Kc3 Re2
67. Kd4 Kf6 68. Kc5 Rb2 69. Kd4 Kf5 70. Kc3 1/2-1/2

[Event "XV Memorial Bertolini"]
[Site "Genova ITA"]
[Date "2010.06.18"]
[Round "2"]
[White "Astengo, Marcello"]
[Black "Fossati, Remigio"]
[WhiteElo "2098"]
[BlackElo "2191"]
[Result "0-1"]
[PlyCount "68"]
[EventDate "2010.06.18"]

1. d4 Nf6 2. c4 g6 3. Nc3 d5 4. Nf3 Bg7 5. Bf4 O-O 6. e3 c5 7. dxc5 Ne4 8. Rc1
Nxc3 9. bxc3 Qa5 10. Qb3 dxc4 11. Bxc4 Qxc5 12. Qb4 Nd7 13. O-O a5 14. Qxc5
Nxc5 15. Rfd1 Ne4 16. Be5 Bg4 17. Bxg7 Kxg7 18. Be2 Rfd8 19. c4 Rxd1+ 20. Bxd1
Rc8 21. h3 Bd7 22. Ne5 Be8 23. Bf3 Nc5 24. Be2 Kf6 25. Nf3 e5 26. Kf1 Bd7 27.
Rb1 Bc6 28. Nd2 a4 29. Rb4 Rd8 30. Nb1 Ke7 31. Nc3 Rd2 32. a3 Rc2 33. Nd5+ Bxd5
34. cxd5 Rc1+ 0-1

[Event "XV Memorial Bertolini"]
[Site "Genova ITA"]
[Date "2010.06.18"]
[Round "2"]
[White "Okhotnik, Vladimir"]
[Black "Altieri, Danilo Mario"]
[WhiteElo "2458"]
[BlackElo "1997"]
[Result "1-0"]
[PlyCount "93"]
[EventDate "2010.06.18"]

1. e4 d5 2. exd5 Nf6 3. d4 Nxd5 4. Nf3 g6 5. h3 Bg7 6. Bc4 O-O 7. O-O c6 8. Bb3
Qc7 9. Re1 e6 10. c4 Nf6 11. Nc3 Nbd7 12. Qe2 a6 13. c5 Nd5 14. h4 b6 15. cxb6
Qxb6 16. h5 Nxc3 17. bxc3 c5 18. hxg6 hxg6 19. Ng5 Nf6 20. Ba3 Qb5 21. Bxc5
Qxe2 22. Rxe2 Rd8 23. Bb6 Rd6 24. Bc7 Rc6 25. Ba5 Bd7 26. Nf3 Rcc8 27. Ne5 Be8
28. Rd1 Rab8 29. c4 Nd7 30. f4 Nb6 31. Rc2 Nd7 32. Kf2 Bf8 33. Ke3 Bb4 34. Bxb4
Rxb4 35. c5 Nxe5 36. fxe5 a5 37. Rc4 Rxc4 38. Bxc4 Bc6 39. d5 exd5 40. Bxd5
Bxd5 41. Rxd5 Kf8 42. Kd4 Ke7 43. Rd6 Rb8 44. c6 a4 45. Kc5 a3 46. c7 Rb2 47.
Rc6 1-0

[Event "XV Memorial Bertolini"]
[Site "Genova ITA"]
[Date "2010.06.18"]
[Round "2"]
[White "Traverso, Massimiliano"]
[Black "Salvador, Roland"]
[WhiteElo "1895"]
[BlackElo "2485"]
[Result "0-1"]
[PlyCount "104"]
[EventDate "2010.06.18"]

1. e4 c5 2. Nf3 e6 3. d3 d5 4. Nbd2 Nc6 5. g3 Bd6 6. Bg2 Nge7 7. O-O O-O 8. Re1
a5 9. Nf1 b5 10. h4 b4 11. N1h2 dxe4 12. dxe4 e5 13. Nd2 Be6 14. Bf1 Qc8 15.
Nc4 Bc7 16. Be3 Rd8 17. Qc1 Qb7 18. Bxc5 Qb5 19. Bxe7 Nxe7 20. Ne3 Qc5 21. Bd3
Bb6 22. Rf1 a4 23. Nf3 f6 24. Nd2 Qc8 25. Ndc4 Bd4 26. Qd2 a3 27. Qxb4 axb2 28.
Rab1 Nc6 29. Qd2 Rxa2 30. c3 Bxe3 31. Nxe3 Na5 32. Nd5 Qb7 33. Nb4 Nb3 34. Qc2
Nd4 35. cxd4 Qxb4 36. d5 Rc8 37. Qe2 Bd7 38. Rfd1 Ba4 39. Rd2 Rc1+ 40. Kg2 Bb5
41. Rd1 Rxd1 42. Qxd1 Ra1 43. Kh2 Bxd3 44. Qxd3 Rxb1 45. Qxb1 Qd2 46. Qa2 Qxf2+
47. Kh3 Qf1+ 48. Kg4 h5+ 49. Kxh5 Qd1+ 50. g4 Kh7 51. Qa7 Qd2 52. g5 Qd1# 0-1

[Event "XV Memorial Bertolini"]
[Site "Genova ITA"]
[Date "2010.06.20"]
[Round "4"]
[White "Christen, Peter Walter"]
[Black "Costi, Giorgio"]
[WhiteElo "1504"]
[BlackElo "1972"]
[Result "0-1"]
[PlyCount "97"]
[EventDate "2010.06.18"]

1. e4 e6 2. d4 d5 3. Nc3 Bb4 4. e5 c5 5. a3 Bxc3+ 6. bxc3 Qc7 7. Nf3 Ne7 8. Be2
Bd7 9. Rb1 Ba4 10. Bb5+ Bxb5 11. Rxb5 a6 12. Rb1 b5 13. O-O Nd7 14. Ra1 Nb6 15.
Bd2 Nf5 16. g4 Ne7 17. dxc5 Nc4 18. Bc1 Ng6 19. Re1 Qxc5 20. Qd4 Qc7 21. a4 O-O
22. Bf4 Nxf4 23. Qxf4 Nb2 24. axb5 axb5 25. Qd4 Na4 26. Ra3 Rac8 27. Re3 Qb8
28. Nd2 Rc6 29. h3 Rfc8 30. Qb4 h6 31. f4 Qb6 32. Kf2 Qc7 33. Nb1 Rc4 34. Qxb5
Rxf4+ 35. Kg3 Qc4 36. Rb3 g5 37. Rb4 Qc5 38. Qxc5 Nxc5 39. Rxf4 gxf4+ 40. Kxf4
Ne4 41. Kf3 Kg7 42. Kf4 Rc4 43. Kf3 Kg6 44. h4 h5 45. g5 Nc5 46. Kg2 Rg4+ 47.
Kh3 Ne4 48. Rf3 Rg1 49. Kh2 0-1

[Event "XV Memorial Bertolini"]
[Site "Genova ITA"]
[Date "2010.06.20"]
[Round "4"]
[White "D'Ambrosio, Francesco"]
[Black "Mirata, Danilo"]
[WhiteElo "1503"]
[BlackElo "1757"]
[Result "0-1"]
[PlyCount "86"]
[EventDate "2010.06.18"]

1. b4 e6 2. b5 d5 3. e3 Nf6 4. Bb2 Be7 5. Nf3 Nbd7 6. Be2 O-O 7. O-O c5 8. c4
Nb6 9. d3 Qc7 10. Nbd2 Bd7 11. Ne5 a6 12. a4 axb5 13. axb5 Bd6 14. f4 Rxa1 15.
Qxa1 Ra8 16. Qe1 Be8 17. Qh4 Nbd7 18. Ndf3 Be7 19. Qh3 Nxe5 20. Bxe5 Qd8 21. g4
Nd7 22. g5 Nf8 23. Kf2 f6 24. gxf6 Bxf6 25. Rg1 Bg6 26. Ng5 Bxe5 27. fxe5 Qe8
28. Bg4 Bf7 29. Kg3 Qe7 30. Qh4 h6 31. Nxf7 Qxh4+ 32. Kxh4 Kxf7 33. Rf1+ Ke7
34. Kh5 dxc4 35. dxc4 Ra3 36. Re1 Nd7 37. Bf3 b6 38. Rg1 Nxe5 39. Rxg7+ Kf6 40.
Rg8 Kf7 41. Rg3 Rxe3 42. Kxh6 Rxf3 43. Rxf3+ Nxf3 0-1

[Event "XV Memorial Bertolini"]
[Site "Genova ITA"]
[Date "2010.06.20"]
[Round "4"]
[White "Gerbi, Marco"]
[Black "Altieri, Danilo Mario"]
[WhiteElo "1817"]
[BlackElo "1997"]
[Result "1/2-1/2"]
[PlyCount "98"]
[EventDate "2010.06.18"]

1. e4 d5 2. exd5 Nf6 3. d4 Nxd5 4. Nf3 g6 5. c3 Bg7 6. Be2 Nc6 7. O-O O-O 8.
Na3 h6 9. Re1 a6 10. Nc2 b5 11. Ne3 e6 12. Ng4 h5 13. Nge5 Nxe5 14. Nxe5 Bb7
15. Bf3 Rb8 16. Bd2 Re8 17. Rb1 c5 18. b3 cxd4 19. cxd4 Ne7 20. Bxb7 Rxb7 21.
Qf3 Nd5 22. Rbc1 Qf6 23. Qxf6 Bxf6 24. Rc6 Bxe5 25. dxe5 Rb6 26. Rec1 Rxc6 27.
Rxc6 Ra8 28. Kf1 a5 29. a3 a4 30. b4 Kf8 31. Ke2 Ke7 32. Kd3 Kd7 33. Rc5 Rb8
34. Ke4 Ne7 35. h4 Rb7 36. Rc3 Nd5 37. Rc5 Rb8 38. g3 Ne7 39. Kf4 Nd5+ 40. Ke4
Rb7 41. Kd4 Ne7 42. Ke4 Rb8 43. Rc3 Rd8 44. Be3 Re8 45. Rc5 Rb8 46. Bd2 Rb6 47.
Kd4 Rb8 48. Ke4 Rb7 49. Kd4 Rb8 1/2-1/2

[Event "XV Memorial Bertolini"]
[Site "Genova ITA"]
[Date "2010.06.20"]
[Round "5"]
[White "Buselli, Claudio"]
[Black "Traverso, Massimiliano"]
[WhiteElo "1666"]
[BlackElo "1895"]
[Result "1/2-1/2"]
[PlyCount "89"]
[EventDate "2010.06.18"]

1. d4 Nf6 2. c4 e6 3. Nf3 Bb4+ 4. Bd2 Qe7 5. a3 Bxd2+ 6. Nbxd2 d6 7. e3 O-O 8.
Be2 e5 9. dxe5 dxe5 10. O-O e4 11. Nd4 c5 12. Nb5 Nc6 13. Nc3 Rd8 14. Qc2 Bf5
15. Rfd1 Rd7 16. Nf1 Rad8 17. Rxd7 Rxd7 18. Rd1 Bg6 19. Ng3 Rxd1+ 20. Qxd1 Qd8
21. Qxd8+ Nxd8 22. Bd1 Nc6 23. Nge2 Ne5 24. b3 Nd3 25. h3 Nd7 26. Nb5 a6 27.
Nd6 b6 28. Nc3 f5 29. Nd5 N3e5 30. Nc7 Nb8 31. Nc8 Ned7 32. f3 Kf7 33. f4 h5
34. h4 Kf8 35. Kf2 Bf7 36. Ke1 g6 37. Kd2 a5 38. a4 Nc6 39. Kc3 Ne7 40. Nxe7
Kxe7 41. Be2 Nf6 42. Na8 Nd7 43. Nc7 Kd6 44. Nb5+ Kc6 45. Na7+ 1/2-1/2